<?xml version="1.0" encoding="UTF-8"?>
<collection xmlns="http://www.loc.gov/MARC21/slim">
 <record>
  <leader>00390nam a22001455a 4500</leader>
  <controlfield tag="001">EUN.um057625</controlfield>
  <controlfield tag="003">AR-BaUNS</controlfield>
  <controlfield tag="005">20050623122926.0</controlfield>
  <controlfield tag="008">041125ss.n.####xx#a##########000#0#spa#d</controlfield>
  <datafield tag="245" ind1="0" ind2="0">
   <subfield code="a">IMPORTANCIA de Tres Arroyos.</subfield>
  </datafield>
  <datafield tag="260" ind1=" " ind2=" ">
   <subfield code="c">s.n.</subfield>
  </datafield>
  <datafield tag="300" ind1=" " ind2=" ">
   <subfield code="a">48 h. :</subfield>
   <subfield code="b">ilus. ;</subfield>
   <subfield code="c">34 cm.</subfield>
  </datafield>
  <datafield tag="082" ind1="0" ind2="4">
   <subfield code="a">918.21</subfield>
  </datafield>
  <datafield tag="653" ind1=" " ind2=" ">
   <subfield code="a">Tres arroyos</subfield>
  </datafield>
  <datafield tag="859" ind1=" " ind2=" ">
   <subfield code="a">Ar-BaUNS</subfield>
   <subfield code="b">BIB. CENTRAL - Sector C</subfield>
   <subfield code="h">918.21</subfield>
   <subfield code="i">Im7</subfield>
   <subfield code="k">F</subfield>
   <subfield code="p">73437/975</subfield>
  </datafield>
 </record>
</collection>
